| 000 | 00688nam a2200205Ia 4500 | ||
|---|---|---|---|
| 005 | 20250508165926.0 | ||
| 008 | 008 250505s9999 xx 000 0 eng d | ||
| 037 | _aTextual | ||
| 040 |
_aFEDL _beng _cFEDL |
||
| 041 |
_aeng _2eng |
||
| 084 |
_a370.7, NCT _qFEDL |
||
| 100 |
_aYadav M S _9416039 |
||
| 245 | 0 | _aConceptual inputs for secondary teacher education: The instructinal role | |
| 260 |
_aNew Delhi, India _bNational Council for Teacher Education _c2003 |
||
| 300 | _axxviii, 440p. | ||
| 546 | _aGifted by HOD Namita Ranganathan in memory of Prof. Arvind Gaysu | ||
| 700 |
_a Lakshmi T K S _9782431 |
||
| 942 |
_cTEXL _h370.7, NCT |
||
| 999 |
_c1398222 _d1398222 |
||